| 000 | 00492nam a2200157 i 4500 | ||
|---|---|---|---|
| 001 | 64779 | ||
| 003 | ES-MaACL | ||
| 007 | t| | ||
| 008 | 040105m19071910fr ||||1| fre d | ||
| 100 | 1 |
_aFouet, Edouard A. _951932 |
|
| 245 | 1 | 0 |
_aLeçons élémentaires sur la théorie des fonctions analytiques / _cpar Edouard A. Fouet. |
| 250 | _a12eme. ed. entierement refondue. | ||
| 260 |
_aParís : _bGauthier-Villars, _c1907-1910. |
||
| 300 |
_a2 v. : _bil. ; _c26 cm. |
||
| 852 |
_aES-MaACL _jB-4783-4 |
||
| 999 |
_c64779 _d64779 |
||